DTM Fahrer 2010 - Statistiken

Allgemein
  • Dieses Quiz wurde 5 mal gespielt
  • Das Durchschnittsergebnis liegt bei 13 aus 19
Antwortstatistiken
Team Nummer Marke Nation Fahrer % Korrekt
Salzgitter AMG-Mercedes 3 Mercedes Großbritannien Gary Paffett
100%
Audi Sport Team Abt Sportsline 5 Audi Schweden Mattias Ekström
100%
AMG-Mercedes 7 Mercedes Großbritannien Paul di Resta
100%
Laureus AMG-Mercedes 8 Mercedes Deutschland Ralf Schumacher
100%
Audi Sport Team Abt 1 Audi Deutschland Timo Scheider
100%
Mercedes-Benz Bank AMG-Mercedes 4 Mercedes Kanada Bruno Spengler
80%
Deutsche Post AMG-Mercedes 17 Mercedes Großbritannien David Coulthard
80%
Junge Sterne AMG-Mercedes 11 Mercedes Großbritannien Jamie Green
80%
Audi Sport Team Abt Sportsline 6 Audi Deutschland Martin Tomczyk
80%
Audi Sport Team Phoenix(10) 9 Audi Frankreich Alexandre Premat
60%
Audi Sport Team Rosberg 15 Audi Großbritannien Katherine Legge
60%
Audi Sport Team Rosberg 14 Audi Deutschland Markus Winkelhock
60%
Audi Sport Team Phoenix 10 Audi Deutschland Mike Rockenfeller
60%
Audi Sport Team Abt 2 Audi Großbritannien Oliver Jarvis
60%
TV-Spielfilm AMG-Mercedes 12 Mercedes Großbritannien Susie Stoddart
60%
Stern AMG-Mercedes 21 Mercedes China Congfu Cheng
40%
Audi Sport Team Phoenix(1) 9 Audi China Darryl O'Young
40%
GQ AMG-Mercedes 16 Mercedes Deutschland Maro Engel
40%
Audi Sport Rookie Team Abt 18 Audi Spanien Miguel Molina
40%
Keine übereinstimmenden Quizze gefunden
Verteilung der Resultate
Anzahl Personen mit jedem Resultat
Perzentil nach korrekt beantworteten Fragen
Ihre Resultats-Entwicklung
Sie haben dieses Quiz noch nicht gespielt